Регионална библиотека "Любен Каравелов" - Русе

Сава Георгевич (Запис номер 343056)

MARC детайли
000 -Лидер
Контролно поле с фиксирана дължина 01117nam a2200277 c 4500
003 - Код на организацията, давaща контролен номер
Контролно поле BLK
005 - Дата и час на последна редакция
Контролно поле 20190913121216.0
008 - Елементи от данни с фиксирана дължина
fixed length control field 180911b bul|||||r ||||||| ||bul||
010 ## - Наследен системен номер
LC control number 002717
040 ## - Източник на каталожния запис
Идентификатор на билиотеката - собственик на записа BLK
041 ## - Код за език
Код за езика на текст/звукозапис или на отделно заглавие Български
080 ## - УДК
Текстов определител УДК Георгевич, Сава
УДК определител 92
УДК - код + определител 949.72(092)92
100 1# - Редна дума - Автор
Автор ЦЕРОВ, Иван
Авторска отговорност първи автор
245 00 - Сведения за заглавието
Заглавие Сава Георгевич
260 ## - Област на издателските данни
Място на издаване, разпространение и проч. Варна
Име на издателя, разпространителя и проч. Ред. к-т при Варненското археол. д-во
Година на издаване 1929
Печатница Варна : печ. Д. Тодоров
300 ## - Физическа характеристика
Страници 5 с
Илюстрации и др. с 1 л. : портр.
Размери/Мащаб 24 см
380 ## - Жанр
Жанр История
490 ## - СЕРИИ (Колекции)
Име на серия Материали за историята на град Варна.
490 ## - СЕРИИ (Колекции)
Име на серия Частна колекция - Академик Михаил Арнаудов
Бележки за серията Дарение - Основен фонд
501 ## - Забележка „подвързано към”
Забележка: Подвързано към... Отпеч. от Материали за историята на град Варна : 1929. - с. 3 - 8.
650 ## - Допълнително описание по предмет – тема
Основно описание – тема или топоним Биографии
655 ## - Ключова дума – жанр/разновидност
Данни за жанр/разновидност или ключова дума за фокус българска история
700 1# - Други автори (авторска отговорност)
Лично име Ив. П. Церов
852 ## - Местоположение
Форматна сигнатура МА 4099
942 ## - АРТИКУЛИ
Вид на библиотечния материал Книги
Скрит в OPAC Не
944 ## - СЪЗДАВАНЕ И РЕДАКЦИЯ на ЗАПИСА
Създаване/Редакция Създаване
Дата на регистрацията/редакция 1994
999 ## - СИСТЕМНИ КОНТРОЛНИ НОМЕРА
Koha biblionumber 343056
Koha biblioitemnumber 343056
Наличности
Код за отписване Код за изгубен артикул Източник на класификационната схема Код за повреда Коз за рестрикции Код за отдаване Артикулен № Име на библиотеката - собственик Име на библиотеката, в която се намира в момента Статус (Текущо местоположение) Местоположение - отдел Цена в лева Номерация (Хронология) Инвентарен номер Систематично азбучна сигнатура Баркод Номер на екземпляра Цена в евро Служебен тип на артикула
  Не е изгубен Universal Decimal Classification Не е повреден без рестрикции Специални фондове ( старопечатни, редки и ценни, фонд М. Арнаудов) 743202 Регионална библиотека "Любен Каравелов" Русе Регионална библиотека "Любен Каравелов" Русе Фонд "Михаил Арнаудов" Фонд "Михаил Арнаудов" 1.00   591168 МА 4099 120000591168 1 0.51 Книги
Vip Innovations Ltd, Rousse, Bulgaria 2025